[Event "22nd OIBM 2018"]
[Site "Gmund am Tegernsee"]
[Date "2018.10.27"]
[Round "1"]
[White "Klee, Helmut"]
[Black "Miller, Eduard"]
[Result "0-1"]
[WhiteElo "2089"]
[BlackElo "2383"]
[Annotator "NA"]
[PlyCount "102"]
[EventDate "2018.10.27"]
[EventType "swiss"]
[EventCountry "GER"]
[SourceTitle "playchess.com"]
[Source "ChessBase"]
[SourceQuality "1"]
[TimeControl "40/5400+30:1800+30"]

1. d4 {[%emt 0:00:00]} d5 {[%emt 0:00:00]} 2. Nf3 {[%emt 0:00:00]} e6 {[%emt 0:00:00]} 3. c4 {[%emt 0:00:20]} a6 {[%emt 0:00:56]} 4. g3 {[%emt 0:02:26]} dxc4 {[%emt 0:01:15]} 5. a4 {[%emt 0:01:36]} c5 {[%emt 0:01:30]} 6. Nbd2 {[%emt 0:14:25]} cxd4 {[%emt 0:10:16]} 7. Nxc4 {[%emt 0:01:08]} Nc6 {[%emt 0:00:32]} 8. Bg2 {[%emt 0:01:44]} e5 {[%emt 0:01:46]} 9. O-O {[%emt 0:02:39]} f6 {[%emt 0:06:00]} 10. a5 {[%emt 0:05:12]} Be6 {[%emt 0:02:02]} 11. Nb6 {[%emt 0:05:08]} Rb8 {[%emt 0:04:01]} 12. Qa4 {[%emt 0:07:03]} Qd6 {[%emt 0:05:36]} 13. Bd2 {[%emt 0:05:39]} Nge7 {[%emt 0:03:15]} 14. Rfd1 {[%emt 0:03:06]} Nc8 {[%emt 0:04:30]} 15. Nc4 {[%emt 0:04:00]} Qc5 {[%emt 0:12:13]} 16. Na3 {[%emt 0:04:15]} Be7 {[%emt 0:15:39]} 17. Rac1 {[%emt 0:11:57]} Qd6 {[%emt 0:01:07]} 18. Nc4 {[%emt 0:06:21]} Qd7 {[%emt 0:00:27]} 19. Be1 {[%emt 0:02:32]} O-O {[%emt 0:01:18]} 20. b3 {[%emt 0:02:39]} Qe8 {[%emt 0:01:20]} 21. e3 {[%emt 0:01:25]} dxe3 {[%emt 0:00:45]} 22. Nxe3 {[%emt 0:00:22]} Qf7 {[%emt 0:00:22]} 23. Nc4 {[%emt 0:01:12]} N8a7 {[%emt 0:02:29]} 24. Bc3 {[%emt 0:03:20]} Nb5 {[%emt 0:00:49]} 25. Ba1 {[%emt 0:00:47]} Rfd8 {[%emt 0:00:23]} 26. Qa2 {[%emt 0:03:46]} Rxd1+ {[%emt 0:08:31]} 27. Rxd1 {[%emt 0:00:14]} Rd8 {[%emt 0:00:18]} 28. Rc1 {[%emt 0:03:21]} Nb4 {[%emt 0:04:29]} 29. Qe2 {[%emt 0:00:50]} Nd3 {[%emt 0:00:19]} 30. Rd1 {[%emt 0:01:10]} Nc5 {[%emt 0:00:22]} 31. Rxd8+ {[%emt 0:01:05]} Bxd8 {[%emt 0:00:05]} 32. Nfd2 {[%emt 0:01:24]} Bd5 {[%emt 0:01:39]} 33. Qe3 {[%emt 0:00:50]} Bxg2 {[%emt 0:01:18]} 34. Kxg2 {[%emt 0:00:50]} Qd5+ {[%emt 0:00:28]} 35. Kg1 {[%emt 0:00:24]} Be7 {[%emt 0:01:01]} 36. Bb2 {[%emt 0:00:33]} Qd3 {[%emt 0:02:21]} 37. Qxd3 {[%emt 0:01:12]} Nxd3 {[%emt 0:00:04]} 38. Kf1 {[%emt 0:00:50]} Bb4 {[%emt 0:05:31]} 39. Ba1 {[%emt 0:00:51]} Kf7 {[%emt 0:00:49]} 40. Ke2 {[%emt 0:00:47]} Nc5 {[%emt 0:00:11]} 41. Ke3 {[%emt 0:31:53]} Ke6 {[%emt 0:31:19]} 42. Bb2 {[%emt 0:00:00]} Nd7 {[%emt 0:00:00]} 43. f4 {[%emt 0:00:00]} exf4+ {[%emt 0:00:00]} 44. Kxf4 {[%emt 0:00:00]} Nb8 {[%emt 0:00:00]} 45. g4 {[%emt 0:00:00]} Nc6 {[%emt 0:00:00]} 46. Ne4 {[%emt 0:00:00]} Nxa5 {[%emt 0:00:00]} 47. Nxa5 {[%emt 0:00:00]} Bxa5 {[%emt 0:00:00]} 48. Nc5+ {[%emt 0:00:00]} Kd5 {[%emt 0:00:00]} 49. Nxb7 {[%emt 0:00:00]} Bc7+ {[%emt 0:00:00]} 50. Kf5 {[%emt 0:00:00]} Kc6 {[%emt 0:00:00]} 51. h4 {[%emt 0:00:00]} Kxb7 {[%emt 0:00:00] Ke5} 0-1

[Event "22nd OIBM 2018"]
[Site "Gmund am Tegernsee"]
[Date "2018.10.27"]
[Round "1"]
[White "Baeuml, Ulrich"]
[Black "Stark, Lars"]
[Result "0-1"]
[WhiteElo "2088"]
[BlackElo "2374"]
[Annotator "NA"]
[PlyCount "84"]
[EventDate "2018.10.27"]
[EventType "swiss"]
[EventCountry "GER"]
[SourceTitle "playchess.com"]
[Source "ChessBase"]
[SourceQuality "1"]
[TimeControl "40/5400+30:1800+30"]

1. Nf3 {[%emt 0:00:00]} Nf6 {[%emt 0:00:00]} 2. g3 {[%emt 0:00:00]} b5 {[%emt 0:00:29]} 3. Bg2 {[%emt 0:00:36]} Bb7 {[%emt 0:03:48]} 4. O-O {[%emt 0:00:17]} e6 {[%emt 0:01:26]} 5. b3 {[%emt 0:00:14]} Be7 {[%emt 0:01:38]} 6. Bb2 {[%emt 0:00:16]} O-O {[%emt 0:00:27]} 7. d3 {[%emt 0:00:51]} c5 {[%emt 0:10:18]} 8. Nbd2 {[%emt 0:00:34]} d6 {[%emt 0:01:47]} 9. e4 {[%emt 0:00:34]} Nc6 {[%emt 0:02:30]} 10. Qe2 {[%emt 0:00:56]} Nd7 {[%emt 0:02:48]} 11. a4 {[%emt 0:00:48]} b4 {[%emt 0:08:29]} 12. Nc4 {[%emt 0:01:29]} Qc7 {[%emt 0:00:58]} 13. Rfe1 {[%emt 0:01:58]} Rac8 {[%emt 0:06:04]} 14. Rad1 {[%emt 0:04:25]} Rfd8 {[%emt 0:01:43]} 15. h4 {[%emt 0:04:01]} h6 {[%emt 0:06:40]} 16. Bh3 {[%emt 0:04:51]} Bf6 {[%emt 0:04:51]} 17. Bxf6 {[%emt 0:09:27]} Nxf6 {[%emt 0:00:15]} 18. Qe3 {[%emt 0:08:15]} d5 {[%emt 0:05:07]} 19. e5 {[%emt 0:02:32]} dxc4 {[%emt 0:13:05]} 20. exf6 {[%emt 0:00:15]} Nd4 {[%emt 0:00:28]} 21. Nxd4 {[%emt 0:02:28]} cxd4 {[%emt 0:00:13]} 22. Qe2 {[%emt 0:04:05]} gxf6 {[%emt 0:00:54]} 23. dxc4 {[%emt 0:01:37]} Qc6 {[%emt 0:05:03]} 24. Kh2 {[%emt 0:00:50]} Qf3 {[%emt 0:00:06]} 25. Qxf3 {[%emt 0:01:58]} Bxf3 {[%emt 0:00:07]} 26. Rd3 {[%emt 0:00:04]} Bb7 {[%emt 0:03:33]} 27. f4 {[%emt 0:05:02]} h5 {[%emt 0:05:20]} 28. Bg2 {[%emt 0:02:28]} Rc7 {[%emt 0:00:29]} 29. Bxb7 {[%emt 0:05:05]} Rxb7 {[%emt 0:00:06]} 30. Re4 {[%emt 0:00:15]} Rbd7 {[%emt 0:00:06]} 31. Kg2 {[%emt 0:00:14]} Kg7 {[%emt 0:01:12]} 32. Kf3 {[%emt 0:03:38]} Kg6 {[%emt 0:00:53]} 33. c5 {[%emt 0:05:33]} Rd5 {[%emt 0:01:25]} 34. c6 {[%emt 0:00:30]} e5 {[%emt 0:01:19]} 35. Rd2 {[%emt 0:07:21]} Rc8 {[%emt 0:03:44]} 36. fxe5 {[%emt 0:02:27]} fxe5 {[%emt 0:00:06]} 37. g4 {[%emt 0:00:49]} Rxc6 {[%emt 0:00:35]} 38. gxh5+ {[%emt 0:01:09]} Kf5 {[%emt 0:00:26]} 39. Rg4 {[%emt 0:05:46]} Rc3+ {[%emt 0:02:12]} 40. Rd3 {[%emt 0:00:07]} Rxc2 {[%emt 0:00:35]} 41. Rg5+ {[%emt 0:32:29]} Ke6 {[%emt 0:30:06]} 42. h6 {[%emt 0:02:27]} Rd8 {[%emt 0:00:21]} 0-1

[Event "22nd OIBM 2018"]
[Site "Gmund am Tegernsee"]
[Date "2018.10.27"]
[Round "1"]
[White "Nikanova, Ekaterina"]
[Black "Forchert, Martin"]
[Result "0-1"]
[WhiteElo "2088"]
[BlackElo "2363"]
[Annotator "NA"]
[PlyCount "91"]
[EventDate "2018.10.27"]
[EventType "swiss"]
[EventCountry "GER"]
[SourceTitle "playchess.com"]
[Source "ChessBase"]
[SourceQuality "1"]
[TimeControl "40/5400+30:1800+30"]

1. e4 Nf6 {[%emt 0:00:00]} 2. e5 {[%emt 0:00:30]} Nd5 {[%emt 0:00:30]} 3. c4 {[%emt 0:00:30]} Nb6 {[%emt 0:00:30]} 4. c5 {[%emt 0:00:30]} Nd5 {[%emt 0:00:30]} 5. Nc3 {[%emt 0:00:30]} c6 {[%emt 0:00:30]} 6. Qb3 {[%emt 0:03:32]} Qc7 {[%emt 0:17:34]} 7. Nf3 {[%emt 0:06:09]} b6 {[%emt 0:05:59]} 8. d4 {[%emt 0:18:21]} bxc5 {[%emt 0:01:00]} 9. Nxd5 {[%emt 0:02:43]} cxd5 {[%emt 0:00:05]} 10. Qxd5 {[%emt 0:01:45]} Nc6 {[%emt 0:07:07]} 11. Ng5 {[%emt 0:16:03]} e6 {[%emt 0:03:40]} 12. Qf3 {[%emt 0:00:03]} d5 {[%emt 0:02:43]} 13. exd6 {[%emt 0:02:23]} Bxd6 {[%emt 0:00:19]} 14. Bb5 {[%emt 0:06:53]} Bb7 {[%emt 0:00:40]} 15. O-O {[%emt 0:04:16]} O-O {[%emt 0:00:55]} 16. Qd3 {[%emt 0:04:24]} g6 {[%emt 0:00:47]} 17. Qh3 {[%emt 0:00:29]} h5 {[%emt 0:00:11]} 18. dxc5 {[%emt 0:09:47]} Bxc5 {[%emt 0:04:24]} 19. Be3 {[%emt 0:04:20]} Bxe3 {[%emt 0:02:20]} 20. Qxe3 {[%emt 0:00:31]} Qe5 {[%emt 0:06:23]} 21. Qxe5 {[%emt 0:01:45]} Nxe5 {[%emt 0:00:08]} 22. Rac1 Rac8 23. Ra1 {[%emt 0:04:10]} Bd5 {[%emt 0:05:19]} 24. b3 {[%emt 0:02:13]} Rb8 {[%emt 0:06:10]} 25. f4 {[%emt 0:02:15]} Rxb5 {[%emt 0:07:23]} 26. fxe5 {[%emt 0:00:01]} Rb7 {[%emt 0:00:13]} 27. Rf4 {[%emt 0:01:09]} Rd8 {[%emt 0:00:45]} 28. Raf1 {[%emt 0:01:03]} Rdd7 {[%emt 0:00:15]} 29. Ne4 {[%emt 0:02:06]} Bxe4 {[%emt 0:00:26]} 30. Rxe4 {[%emt 0:00:00]} Rb5 {[%emt 0:00:15]} 31. Rf2 {[%emt 0:01:13]} a5 {[%emt 0:00:36]} 32. h3 {[%emt 0:00:27]} g5 {[%emt 0:02:56]} 33. Kh2 {[%emt 0:05:24]} g4 {[%emt 0:03:30]} 34. h4 {[%emt 0:00:30]} Kg7 {[%emt 0:00:07]} 35. Kg3 {[%emt 0:00:40]} Kg6 {[%emt 0:00:05]} 36. Kf4 {[%emt 0:00:27]} Rdd5 {[%emt 0:01:50]} 37. Rc2 Rd3 {[%emt 0:03:50]} 38. Rec4 {[%emt 0:00:58]} f5 {[%emt 0:00:13]} 39. Re2 {[%emt 0:00:36]} Rbd5 {[%emt 0:00:59]} 40. g3 {[%emt 0:00:30]} R5d4+ {[%emt 0:00:30]} 41. Rxd4 {[%emt 0:04:29]} Rxd4+ 42. Ke3 {[%emt 0:00:14]} Re4+ {[%emt 0:04:22]} 43. Kd3 {[%emt 0:00:30]} Rxe2 {[%emt 0:00:47]} 44. Kxe2 {[%emt 0:00:04]} f4 {[%emt 0:00:06]} 45. Kd3 {[%emt 0:08:58]} Kf5 {[%emt 0:00:06]} 46. Kd4 {[%emt 0:00:54]} 0-1

[Event "22nd OIBM 2018"]
[Site "Gmund am Tegernsee"]
[Date "2018.10.27"]
[Round "1"]
[White "Pasti, Aron"]
[Black "Bernabeu Lopez, Carlos Javier"]
[Result "0-1"]
[WhiteElo "2085"]
[BlackElo "2353"]
[Annotator "NA"]
[PlyCount "88"]
[EventDate "2018.10.27"]
[EventType "swiss"]
[EventCountry "GER"]
[SourceTitle "playchess.com"]
[Source "ChessBase"]
[SourceQuality "1"]
[TimeControl "40/5400+30:1800+30"]

1. e4 {[%emt 0:00:00]} e5 {[%emt 0:00:00]} 2. Nf3 {[%emt 0:00:00]} Nc6 {[%emt 0:00:00]} 3. Bb5 {[%emt 0:00:00]} a6 {[%emt 0:00:00]} 4. Ba4 {[%emt 0:00:00]} Nge7 {[%emt 0:00:00]} 5. c3 {[%emt 0:00:00]} g6 {[%emt 0:00:00]} 6. d4 {[%emt 0:00:07]} exd4 {[%emt 0:00:02]} 7. cxd4 {[%emt 0:00:04]} b5 {[%emt 0:00:03]} 8. Bc2 {[%emt 0:01:21]} d5 {[%emt 0:00:06]} 9. e5 {[%emt 0:04:58]} Bg4 {[%emt 0:02:00]} 10. Be3 {[%emt 0:00:53]} Nf5 {[%emt 0:02:05]} 11. Bxf5 {[%emt 0:01:03]} Bxf5 {[%emt 0:00:10]} 12. Bg5 {[%emt 0:01:22]} Be7 {[%emt 0:00:52]} 13. Bxe7 {[%emt 0:00:05]} Qxe7 {[%emt 0:00:34]} 14. Nc3 {[%emt 0:01:49]} Rd8 {[%emt 0:00:55]} 15. O-O {[%emt 0:02:56]} Bg4 {[%emt 0:02:50]} 16. Qd2 {[%emt 0:04:47]} Bxf3 {[%emt 0:08:34]} 17. gxf3 {[%emt 0:00:06]} Qh4 {[%emt 0:00:32]} 18. Ne2 {[%emt 0:01:10]} Ne7 {[%emt 0:00:26]} 19. Rac1 {[%emt 0:02:19]} c6 {[%emt 0:02:09]} 20. Qf4 {[%emt 0:01:52]} Qxf4 {[%emt 0:02:20]} 21. Nxf4 {[%emt 0:00:03]} Kd7 {[%emt 0:04:45]} 22. b4 {[%emt 0:05:25]} a5 {[%emt 0:03:12]} 23. a3 {[%emt 0:04:20]} Ra8 {[%emt 0:00:44]} 24. Ra1 {[%emt 0:01:20]} Nf5 {[%emt 0:04:37]} 25. Ne2 {[%emt 0:00:48]} Rhb8 {[%emt 0:01:31]} 26. Rfd1 {[%emt 0:00:49]} Rb7 {[%emt 0:01:06]} 27. Kf1 {[%emt 0:15:35]} Rba7 {[%emt 0:02:15]} 28. Rab1 {[%emt 0:00:08]} axb4 {[%emt 0:00:16]} 29. axb4 {[%emt 0:00:05]} Ra2 {[%emt 0:01:19]} 30. h3 {[%emt 0:08:32]} Nh4 {[%emt 0:04:19]} 31. f4 {[%emt 0:00:50]} Nf3 {[%emt 0:03:40]} 32. Kg2 {[%emt 0:07:56]} Rxe2 {[%emt 0:06:41]} 33. Kxf3 {[%emt 0:00:04]} Raa2 {[%emt 0:00:12]} 34. Rf1 {[%emt 0:00:03]} Red2 {[%emt 0:01:50]} 35. Ke3 {[%emt 0:00:15]} Rdc2 {[%emt 0:00:13]} 36. Rb3 {[%emt 0:00:55]} Ke6 {[%emt 0:00:19]} 37. Kf3 {[%emt 0:01:10]} h5 {[%emt 0:00:37]} 38. Ke3 {[%emt 0:00:12]} Rab2 {[%emt 0:01:34]} 39. Rb1 {[%emt 0:01:22]} Re2+ {[%emt 0:00:30]} 40. Kd3 {[%emt 0:00:04]} Rbd2+ {[%emt 0:00:34]} 41. Kc3 {[%emt 0:30:03]} Rxf2 {[%emt 0:30:21]} 42. Ra3 {[%emt 0:00:40]} Rc2+ {[%emt 0:02:26]} 43. Kd3 {[%emt 0:00:05]} Rfd2+ {[%emt 0:00:48]} 44. Ke3 {[%emt 0:00:05]} Rh2 {[%emt 0:00:04]} 0-1

[Event "22nd OIBM 2018"]
[Site "Gmund am Tegernsee"]
[Date "2018.10.27"]
[Round "1"]
[White "Bajorski, Marius"]
[Black "Weber, Ulrich"]
[Result "0-1"]
[WhiteElo "2083"]
[BlackElo "2347"]
[Annotator "TA"]
[PlyCount "46"]
[EventDate "2018.10.27"]
[EventType "swiss"]
[EventCountry "GER"]
[SourceTitle "playchess.com"]
[Source "ChessBase"]
[SourceQuality "1"]

{[%evp 16,46,-6,-16,37,30,35,55,62,-36,-36,-50,-48,-64,-56,-68,-66,-109,-97,-120,-118,-118,-90,-537,-554,-556,-545,-551,-541,-541,-531,-555,-554]} 1. e4 g6 2. d4 Bg7 3. Nc3 d6 4. f4 a6 5. Nf3 b5 6. Bd3 Nd7 7. O-O c5 {B06: Modern Defence} 8. Be3 (8. dxc5 Nxc5 9. Be3 Nxd3 10. cxd3 Nf6 11. h3 Bb7 12. Qd2 Qd7 13. Rac1 O-O 14. f5 Rfc8 15. Bh6 {1-0 (69) Gabrielian,A (2576)-Kamsky,G (2673) Sochi 2015}) 8... cxd4 9. Nxd4 {LiveBook: 5 Games} Ngf6 (9... Bb7 $11) 10. a4 $14 bxa4 11. Rxa4 $146 ({Predecessor:} 11. Qe2 Bb7 12. Bf2 O-O 13. Nxa4 Nh5 14. g3 e5 15. fxe5 Nxe5 {½-½ (58) Pniaczek,M (2107)-Ustiyanovich,N (2375) Chrzanow 2018}) 11... Nc5 12. Ra2 ({Better is} 12. Nc6 $14 Qc7 13. Bxc5) 12... Ng4 $15 13. Qd2 Bb7 14. Qe2 Nxe3 15. Qxe3 O-O 16. Bc4 e6 17. f5 exf5 18. exf5 Qh4 19. Qf4 $2 {[%mdl 8192] [#]} (19. Rd1 $17 {is tougher.}) 19... Bxd4+ $19 {Black is clearly winning.} 20. Kh1 Qxf4 ({Weaker is} 20... Qh3 21. Nd5 $17) 21. Rxf4 Bxc3 22. bxc3 Rae8 23. Ra1 Re4 {Precision: White =  6%, Black = 69%.} 0-1

[Event "22nd OIBM 2018"]
[Site "Gmund am Tegernsee"]
[Date "2018.10.27"]
[Round "1"]
[White "Fauth, Dietmar"]
[Black "Singer, Christoph"]
[Result "1/2-1/2"]
[WhiteElo "2082"]
[BlackElo "2344"]
[Annotator "TA"]
[PlyCount "167"]
[EventDate "2018.10.27"]
[EventType "swiss"]
[EventCountry "GER"]
[SourceTitle "playchess.com"]
[Source "ChessBase"]
[SourceQuality "1"]

{[%evp 17,167,-17,7,0,20,14,87,81,84,31,39,26,22,16,31,44,39,37,38,31,52,48,52,29,45,13,11,13,14,2,16,10,4,10,52,-21,61,64,68,-7,-5,-109,-78,-100,-87,-97,-68,-72,-25,-54,-54,-61,-25,-163,-41,-49,-57,-52,-56,-58,-18,-150,-158,-295,-289,-1045,-980,-2526,-1916,-1096,0,0,0,0,0,0,0,0,0,0,0,-12840,-12839,-12845,-12845,-12850,-12851,-12851,-12851,-12851,-12851,-12851,-12851,-12851,-12851,-12851,-12851,-12851,-12851,-12851,-12851,-12851,0,0,0,0,0,0,0,0,0,0,0,0,0,0,0,0,0,0,0,0,0,0,0,0,0,0,0,0,0,0,0,0,0,0,0,0,0,0,0,0,0,0,0,0,0,0,0,0,0,0]} 1. e4 e5 2. Nf3 Nc6 3. Bc4 Bc5 4. d3 Nf6 5. h3 a6 6. c3 {C50: Hungarian Defence and Giuoco Pianissimo} O-O 7. Bb3 Ba7 8. Nbd2 d5 (8... Re8 9. O-O d6 10. Re1 Be6 11. Bc2 h6 12. Nf1 d5 13. Ng3 dxe4 14. dxe4 Qxd1 15. Rxd1 Rad8 16. Re1 Nd7 17. Nf5 Bc5 18. Be3 Bxe3 19. Nxe3 Nb6 {½-½ (32) Miton,K (2584)-Ivanchuk,V (2726) Riadh 2017}) 9. Qe2 dxe4 {LiveBook: 9 Games} 10. Nxe4 Nd5 $146 ({Predecessor:} 10... Nxe4 11. dxe4 Qf6 12. O-O Be6 13. Rd1 Qe7 14. Bd5 {½-½ (44) Stepovaia,T (2451)-Ovod,E (2327) Belgrade 2001}) 11. O-O Nde7 (11... Bf5 $11) 12. Ng3 Qd6 13. Qe4 (13. Re1 $16) 13... Qg6 14. Qxg6 (14. Be3 {feels hotter.} Qxe4 15. Nxe4 Bxe3 16. fxe3 h6 17. d4) 14... Nxg6 15. Re1 Kh8 16. Be3 Bxe3 17. Rxe3 f6 18. Rd1 Bd7 19. d4 {Strongly threatening dxe5.} exd4 20. Nxd4 Nce5 21. Ne4 b6 $1 22. Ne6 Bxe6 $1 23. Bxe6 Rad8 24. Rxd8 Rxd8 25. g3 h6 26. Bb3 (26. f4 $14) 26... c5 (26... Rd3 $11) 27. f4 $14 Nd3 28. Bc2 (28. Bf7 $14 Kh7 29. b3) 28... Nxb2 $11 29. Ng5 (29. Nxf6 $11 Nxf4 30. gxf4 gxf6 31. Re6) 29... fxg5 30. Bxg6 gxf4 31. gxf4 $17 {[%mdl 4096] Endgame KRB-KRN} Nd1 32. Re6 b5 33. Rxa6 Nxc3 34. Kf2 c4 35. h4 (35. Rb6 $11 {and White is okay.}) 35... Rd2+ (35... Nd5 $19 36. Be4 Nc3) 36. Kf3 $15 {[#] Intending Ra8+ and mate.} Rxa2 37. Rb6 {[%cal Rb6b8]} Ra8 38. h5 Rf8 {White must now prevent ...Rxf4+!} 39. Rb7 (39. f5 $1 $11 {was the only way to keep the balance.}) 39... Nd5 $17 40. Rxb5 (40. Bf7 $17 Nc3 41. Be6) 40... Nxf4 $19 41. Ke3 $2 (41. Bc2 Nxh5+ 42. Kg4 Nf6+ 43. Kh3) 41... Nxg6 42. hxg6 {KR-KR} Rc8 43. Kd2 c3+ $2 ({Better is} 43... Kg8 $19 44. Rb7 c3+ 45. Kc2 h5) 44. Kc2 $11 Kg8 45. Rb7 $1 Kf8 {[#] Hoping for ...Rc6.} 46. Rf7+ Kg8 {aiming for ...Rc6.} 47. Re7 h5 48. Re5 h4 49. Re4 $2 {[%mdl 8192]} (49. Re3 $11) 49... h3 $19 50. Rh4 Rc6 51. Rxh3 Rxg6 52. Kxc3 Rd6 53. Rg3 g6 54. Rg1 Kg7 55. Kc4 Rd8 56. Kc3 Rd6 57. Kc4 Rd2 58. Kc3 Rd5 59. Kc4 Rf5 $2 (59... Rd6 $19 60. Kc3 Kf6 61. Rf1+ Ke5) 60. Kd4 $11 {The position is equal.} g5 61. Ke4 Kg6 62. Ke3 Rf4 63. Rh1 Kf5 64. Ke2 Kg4 {Threatens to win with ...Rf5.} 65. Rg1+ Kh5 66. Rh1+ Rh4 67. Ra1 Rh2+ 68. Kf3 Rb2 69. Rh1+ Kg6 70. Kg4 $1 Rb4+ 71. Kg3 Rb8 72. Ra1 $1 Rb3+ 73. Kg4 Rb4+ 74. Kg3 Rf4 75. Ra6+ $1 Kh5 76. Ra8 Rg4+ 77. Kh3 $1 {Rh8+ is the strong threat.} Rb4 78. Rh8+ Kg6 79. Ra8 $1 Kf5 80. Rf8+ Kg6 81. Rg8+ Kf6 82. Rf8+ $1 Kg7 83. Ra8 Kg6 84. Rd8 {Precision: White = 55%, Black = 50%.} 1/2-1/2

[Event "22nd OIBM 2018"]
[Site "Gmund am Tegernsee"]
[Date "2018.10.27"]
[Round "1"]
[White "Schoenberger, Peter"]
[Black "Koepke, Christian"]
[Result "0-1"]
[WhiteElo "2081"]
[BlackElo "2331"]
[Annotator "TA"]
[PlyCount "136"]
[EventDate "2018.10.27"]
[EventType "swiss"]
[EventCountry "GER"]
[SourceTitle "playchess.com"]
[Source "ChessBase"]
[SourceQuality "1"]

{[%evp 16,136,8,14,33,0,10,20,16,11,26,-10,0,0,0,-13,-13,-14,-4,-13,0,0,0,0,0,0,17,17,14,0,20,0,0,0,0,-11,0,0,-7,-11,-1,-28,-32,-44,-45,-29,0,0,68,0,32,36,26,0,0,0,0,0,0,-48,-49,-82,0,-71,-37,-21,-28,-68,-59,-104,-99,-99,-102,-102,-102,-102,-100,-103,-102,-123,-122,-262,-254,-257,-259,-335,-312,-495,-483,-491,-485,-473,-458,-524,-520,-591,-564,-642,-626,-1011,-977,-984,-952,-813,0,-901,-864,-871,-809,-29976,-29977,-29974,-2101,-2114,-2078,-816,-617,-29980,-29981,-29986,-29974,-29988,-29989]} 1. e4 c5 2. c3 d5 3. exd5 Qxd5 4. d4 g6 5. Nf3 Bg7 6. Na3 cxd4 7. Nb5 Na6 8. Be3 Nf6 {B06: Modern Defence} 9. Bxd4 {LiveBook: 9 Games} b6 (9... O-O 10. a4 Bg4 11. Be2 Rad8 12. h3 e5 13. Be3 Qe6 14. Qc1 Bxf3 15. Bxf3 e4 16. Be2 {0-1 (37) Ivanchuk,V (2731)-Giri,A (2734) Beijing 2013}) 10. Be5 $146 {[#] Qxd5 is the strong threat.} (10. Be2 {with more complications.} Bb7 11. O-O O-O 12. Re1 Qf5 13. a4) ({Predecessor:} 10. Be2 O-O 11. O-O Bb7 12. Re1 Rfd8 13. Bf1 Qd7 14. Ne5 Qf5 15. f3 Nc5 16. Bc4 {1-0 (31) Opryatkin,N (2306)-Leslie,C ICCF email 2011}) 10... O-O {The position is equal.} 11. Qxd5 Nxd5 12. Bc4 Bb7 13. O-O Nf6 14. Rfd1 Nc5 15. a4 a6 16. Nbd4 Rac8 17. Be2 Nd5 18. Bxg7 Kxg7 19. Ne5 Nf4 20. Bf1 Rc7 21. g3 Nd5 {[%cal Bf4d5,Bd5f6,Bf6e4][%mdl 32]} 22. Bg2 Nf6 23. h3 (23. a5 {looks sharper.} b5 24. Nc2 Nb3 25. Ra2 Ne4 26. Nb4) 23... Rfc8 24. Bxb7 Rxb7 25. Kg2 Rbc7 26. Kf1 h5 27. h4 Nfe4 28. Kg2 Nd6 29. a5 b5 30. Nc2 Ra8 (30... Na4 $5 {[%cal Ra4b2]}) 31. Nb4 Kf8 ({Black should play} 31... Rac8 $11) 32. Re1 (32. Nd5 $14 Rb7 33. Nb6) 32... Nb3 33. Ra3 {[#] Black must now prevent Nd5.} Nd2 34. Re2 (34. Nd5 {is interesting.} Rb7 35. Nb6 Rd8 36. Rd1 N2e4 37. f3) 34... N2c4 35. Nxc4 Nxc4 36. Ra1 Rd7 37. Nc6 Rc8 38. Nd4 Rc5 (38... e5 $17 39. Nf3 f6) 39. Nb3 (39. b4 $11 {remains equal.} Rcd5 40. Nb3) 39... Rcd5 40. Nd4 e5 41. Nf3 f6 42. Rc2 Rd1 $36 {[%mdl 2048] Black is on the roll.} 43. Rxd1 Rxd1 $17 {[%mdl 4096] Endgame KRN-KRN} 44. b3 Nxa5 45. Ra2 Nxb3 {Hoping for ...a5.} 46. Rxa6 Ke7 47. Rb6 Rd5 48. Ne1 (48. Ra6 $17) 48... Nd2 $19 49. Nc2 Ne4 50. Ne3 Rd2 51. Rxb5 (51. Kg1 {keeps fighting.}) 51... Rxf2+ 52. Kg1 {Strongly threatening Rb4.} Rf3 53. Nd5+ Kd6 54. c4 Rxg3+ 55. Kh2 Rg4 56. Kh3 g5 57. hxg5 Nxg5+ 58. Kh2 Nf3+ 59. Kh3 Ng5+ 60. Kh2 h4 61. Rb6+ Kc5 62. Rxf6 Rg3 63. Rf1 Kxc4 (63... e4 $142 64. Rd1 Rd3 65. Rc1 e3 66. Nc3 Rd2+ 67. Kh1 Kd4 68. Nb1 Rb2 69. Rd1+ Kxc4 70. Na3+ Kb4 71. Rg1 Nf3 72. Rg2 Rxg2 73. Kxg2 Ne1+ 74. Kh2 Kxa3 75. Kh3 Nd3 76. Kxh4 e2 77. Kg5 e1=Q 78. Kf6 Qe5+ 79. Kg6 Qf4 80. Kh5 Ka4 81. Kg6 Ne5+ 82. Kh7 Qf7+ 83. Kh8 Ng6#) 64. Nf6 Kd3 {( -> ...Ke2)} 65. Nh5 Re3 66. Ng7 Re2+ {Black mates.} 67. Kh1 e4 68. Ne6 Nxe6 {Precision: White = 44%, Black = 60%.} 0-1

[Event "22nd OIBM 2018"]
[Site "Gmund am Tegernsee"]
[Date "2018.10.27"]
[Round "1"]
[White "Hoppe, Thilo"]
[Black "Schnepp, Gunnar"]
[Result "*"]
[WhiteElo "2079"]
[BlackElo "2320"]
[Annotator "TA"]
[PlyCount "35"]
[EventDate "2018.10.27"]
[EventType "swiss"]
[EventCountry "GER"]
[SourceTitle "playchess.com"]
[Source "ChessBase"]
[SourceQuality "1"]

{[%evp 12,35,62,25,15,0,70,91,73,92,80,55,122,88,121,121,113,105,225,226,197,118,252,205,211,223]} 1. d4 Nf6 2. c4 c5 3. d5 b5 4. Nd2 bxc4 5. e4 {[%cal Be2e4,Be4e5][%mdl 32]} g6 (5... Bb7 6. Bxc4 e6 7. Ne2 Bd6 8. Qb3 Qb6 9. Qc3 Qc7 10. Nf3 exd5 11. exd5 O-O 12. Qd3 Ng4 13. Ng5 {1-0 (38) Ivanisevic,I (2630)-Pap,M (2493) Kragujevac 2017}) 6. Bxc4 {A57: Benko/Volga Gambit} Bb7 7. Ngf3 {LiveBook: 3 Games. Black must now prevent e5.} Bg7 8. e5 {The position is equal.} Ng4 $146 ({Black should try} 8... Nxd5 $11 9. Qb3 Nb6) ({Predecessor:} 8... Nxd5 9. Qb3 Nb6 10. Bxf7+ Kf8 11. e6 c4 12. Qe3 d5 13. Nd4 Qd6 14. N2f3 {½-½ (21) Ekstroem,R (2487)-Zueger,B (2416) Pontresina 2000}) 9. Qe2 $14 O-O 10. h3 Nh6 11. Ne4 d6 ({Better is} 11... Nf5 $14) 12. exd6 {[#] Strongly threatening Bg5.} exd6 13. O-O $36 {[%mdl 2048] White is really pushing.} Nf5 14. Bg5 f6 (14... Qb6 $16 {might work better.}) 15. Bf4 $18 Re8 16. Qc2 (16. g4 $18) 16... Na6 (16... Nd7 $16 {was called for.}) 17. a3 Bh6 18. Bh2 {Precision: White = 40%, Black = 21%.} *